Efektívne riadenie neziskových organizácií

Činnosť neziskových organizácií delíme podľa podstaty na projektovú činnosť a kontinuálne poskytovanie služieb. Projektový controlling slúži na podporu a lepšie rozhodovanie pre projektových manažérov. Úlohy projektového controllingu a analýza indikátorov neziskových organizácií na meranie podnikove...

Ausführliche Beschreibung

Gespeichert in:
Bibliographische Detailangaben
1. Verfasser: Hrušovská, Dana, 1964-
Format: Buchkapitel
Sprache:Slowakisch
Schlagworte:
Tags: Tag hinzufügen
Keine Tags, Fügen Sie das erste Tag hinzu!

MARC

LEADER 00000naa a2200000 4500
001 0214780
005 20240522130425.1
041 0 |a slo 
044 |a SK 
245 1 0 |a Efektívne riadenie neziskových organizácií  |c Dana Hrušovská 
520 |a Činnosť neziskových organizácií delíme podľa podstaty na projektovú činnosť a kontinuálne poskytovanie služieb. Projektový controlling slúži na podporu a lepšie rozhodovanie pre projektových manažérov. Úlohy projektového controllingu a analýza indikátorov neziskových organizácií na meranie podnikovej výkonnosti, porovnanie controllingu v ziskových podnikoch a neziskových organizáciách a definovanie nefinančných ukazovateľov merania výkonnosti podniku. Začlenenie nefinančných meradiel patrí k novým prístupom v 80-tych rokoch 20. storočia do oblasti controllingu. 
610 2 0 |a organizácie neziskové 
610 2 0 |a kontroling 
610 2 0 |a manažment strategický 
610 2 0 |a riadenie projektové 
610 2 0 |a výkonnosť podniku 
610 2 0 |a meranie výkonnosti 
610 2 0 |a financovanie podnikov 
100 1 |a Hrušovská, Dana, 1964-